000 00309 a2200133 4500
005 20250320134206.0
020 _a0-471-61240-5
082 _a515HEG
100 _aHEGARTY, J.C.
245 _aApplied Calculus
260 _aNew York
_bWiley
_c1990
300 _axv, 608p., ill.,
_bIndex,
_c24cm.
942 _2ddc
_cBKS
999 _c1030
_d1030